000 01438nab a22002657a 4500
999 _c6549
_d6549
003 OSt
005 20260223140119.0
008 190506c xxu||||| |||| 00| 0 spa d
040 _cPJ
100 _94582
_aGasquet, Pablo A.
245 1 0 _aProblemática de la aplicación de la Ley de Riesgo del Trabajo luego del dictado del fallo Pogonza :
_bla situación de indefensión en la que se encuentran los trabajadores /
_cPablo A. Gasquet.
260 _aBuenos Aires :
_bAbeledoPerrot,
_c2024.
300 _ap. 3-27
500 _aCita: TR LALEY AR/DOC/1161/2024.
505 _aSumario: I. Introducción.— II. La Ley de Riesgo del Trabajo y sus reformas.— III. La ley 27.348. La controversia de la instancia administrativa previa y obligatoria de las comisiones médicas. Su inconstitucionalidad.— IV. Postura de la Corte Suprema en el fallo Pogonza.— V. La inexistencia del debido proceso.— VI. Conclusiones finales.
505 _t¿Te interesa el texto completo? Comunicate al correo: koha@justierradelfuego.gov.ar
650 0 _91316
_aDERECHO LABORAL
650 0 _91430
_aRIESGOS DEL TRABAJO
650 0 _94942
_aCOMISIONES MÉDICAS
650 0 _95144
_aASEGURADOR POR RIESGOS DEL TRABAJO
650 0 _91406
_aINCAPACIDAD LABORAL
650 0 _91417
_aACCIDENTES DE TRABAJO
773 0 _02751
_93202
_dBuenos Aires : AbeledoPerrot, 2013-
_tRevista de derecho laboral y seguridad social. Nº 12 - Junio 2024
942 _2udc
_cANA